[Event "Hannover Region-ch"]
[Site "Hannover"]
[Date "2009.02.21"]
[Round "5"]
[White "Goehner, Matthias"]
[Black "Schatzke, Peter"]
[Result "0-1"]
[WhiteElo "1122"]
[BlackElo "1567"]
[PlyCount "106"]
[EventDate "2009.01.10"]
[EventType "swiss"]
[EventRounds "7"]
[EventCountry "GER"]
[SourceTitle "EXT 2021"]
[Source "ChessBase"]
[SourceDate "2020.10.23"]
[SourceVersion "1"]
[SourceVersionDate "2020.10.23"]
[SourceQuality "1"]

1. Nf3 Nf6 2. d4 g6 3. c4 Bg7 4. Nc3 d5 5. Bf4 c5 6. e3 Qa5 7. Qa4+ Qxa4 8. Nxa4 cxd4 9. Nxd4 0-0 10. Nc3 dxc4 11. Bxc4 Nbd7 12. 0-0 e5 13. Ne6 fxe6 14. Bxe6+ Kh8 15. Bxd7 Nxd7 16. Bg5 Nb6 17. Rad1 Bd7 18. Nd5 Nxd5 19. Rxd5 Be6 20. Ra5 b6 21. Ra4 Rfc8 22. b3 b5 23. Rb4 a6 24. h3 Rc2 25. a4 bxa4 26. bxa4 a5 27. Re4 Rac8 28. Bh4 R2c4 29. Rxc4 Rxc4 30. Bd8 Rxa4 31. Rb1 Rb4 32. Ra1 a4 33. Ba5 Rc4 34. g4 e4 35. Ra3 Bb2 36. Ra2 Rc1+ 37. Kg2 Bxa2 38. Bd2 Rc2 39. Bb4 Be5 40. Ba3 Bc7 41. Bb4 Bb6 42. Kg3 Bd5 43. Be7 Kg7 44. h4 Bc5 45. Bd8 Bd6+ 46. Kg2 a3 47. Bb6 Be5 48. Bd4 Bxd4 49. exd4 a2 50. h5 a1Q 51. hxg6 Qxd4 52. gxh7 Qxf2+ 53. Kh3 Qh2# 0-1